| 000 | 00855nas a2200277 4500 | ||
|---|---|---|---|
| 001 | BR9504466 | ||
| 003 | BR-BrBNA | ||
| 005 | 20231205094126.0 | ||
| 007 | ta | ||
| 008 | 230509b bl.|||p| |||| 00| 00por d | ||
| 040 |
_aBR-BrBNA _bpor _cBiblioteca Nacional de Agricultura |
||
| 041 | _a(Pt) | ||
| 072 | _aF63; L20 | ||
| 100 | 1 | _aLorenzon, M.C.A. | |
| 100 | 1 | _aMartinho, M.R. | |
| 245 | 1 | _aComportamento das abelhas africanizadas (Apis mellifera L.)quando aprisionadas em ensaios de polinizacao | |
| 650 | _aCebola | ||
| 650 | _aSemente | ||
| 650 | _aAbelha Africana | ||
| 650 | _aPolinizacao | ||
| 650 | _aComportamento Animal | ||
| 650 | _aGaiola | ||
| 773 | 0 |
_tPesquisa Agropecuaria Brasileira (Brazil) _xISSN 0100-204X _g(Nov 1994), v. 29(11) p. 1685-1690 _wBR9504466 |
|
| 909 |
_a202311 _bLúcia _c55 _dLúcia Elande |
||
| 942 |
_2AGRIS _n0 _cANA |
||
| 999 |
_c142219 _d142219 |
||